000 00435nam a22001697a 4500
003 NUST - PNEC
005 20170116181041.0
008 150922b xxu||||| |||| 00| 0 eng d
020 _a082477681X
040 _cLIBRARY
082 _a621.381 LAM
100 _911599
_a Lambert, Leo P
245 _aSoldering for electronic assemblies
_cLeo P Lambert
260 _cc 1988
650 _911368
_aPrinted circuits
_xEL
942 _2ddc
_cBK
999 _c68100
_d68100